El tren llegó puntual. ¿Dónde estabas, Adán?. Y no dijo ni una palabra. Casa sin amo. El pan de los años mozos /

Guardado en:
Autor Principal: Boll, Heinrich.
Otros Autores: Yánez, Julio F.; trad., Janés, Alfonsina; trad., Dauer, Herminia; trad., Fontseré, Margarita; trad., Formosa, Feliu; trad.
Formato: Libro
Idioma:Undetermined
Publicado: Barcelona : Seix Barral, 1986.
Series:Summa literaria ; 32
Materias:
Etiquetas: Agregar Etiqueta
Sin Etiquetas, Sea el primero en etiquetar este registro!
LEADER 00833nam a22002415a 4500
001 CEM.cems024628
008 250522s1986####sp############000#0#und#d
005 20250522181555.0
245 1 0 |a El tren llegó puntual. ¿Dónde estabas, Adán?. Y no dijo ni una palabra. Casa sin amo. El pan de los años mozos /  |c Heinrich Boll. 
260 |a Barcelona :  |b Seix Barral,  |c 1986. 
300 |a 587 p. 
490 1 |a Summa literaria ;  |v 32 
020 |a 8432224324 
100 1 |a Boll, Heinrich. 
700 1 |a Yánez, Julio F.; trad. 
700 1 |a Janés, Alfonsina; trad. 
700 1 |a Dauer, Herminia; trad. 
700 1 |a Fontseré, Margarita; trad. 
700 1 |a Formosa, Feliu; trad. 
653 |a Literatura alemana 
653 |a Novela alemana 
653 |a Narrativa alemana 
859 |a CEMS  |b BIB. CEMS - 11 de abril  |h 833.9  |i B638-2  |p 29871.25  |t Ej.1